Statistics for Hard addition: No regrouping

Click here to take the quiz!

General Stats

  • This quiz has been taken 14 times
  • The average score is 18 of 25

Answer Stats

QuestionAnswer% Correct
178 + 21199
100%
411 + 88499
92%
253 + 341594
92%
1111 + 1111212223
85%
1023 + 3151338
85%
803 + 2031006
77%
700 + 12001900
77%
732 + 213945
77%
542 + 411953
77%
745 + 3501095
69%
1352 + 2351587
69%
732 + 10431775
69%
1632 + 2371869
69%
392 + 103495
69%
436 + 112548
69%
489 + 101590
69%
534 + 134668
69%
532 + 217749
69%
513 + 254767
69%
426 + 353779
69%
524 + 255779
69%
778 + 211989
69%
457 + 242699
62%
714 + 142856
62%
1 + 1 x21111
0%

Score Distribution

Percentile by Number Answered

Percent of People with Each Score

Your Score History

You have not taken this quiz